[Event "EU-ch Cities&Town U18 op"]
[Site "Tornelo INT"]
[Date "2023.01.29"]
[Round "?"]
[White "Cazacu, Iustin Nicolas"]
[Black "Leu, Dragos Stefan"]
[Result "1/2-1/2"]
[WhiteElo "1549"]
[BlackElo "1810"]
[PlyCount "119"]
[EventDate "2023.01.29"]
[EventType "team-swiss"]
[EventRounds "9"]
[EventCountry "NET"]
[SourceTitle "CBM 212 Extra"]
[Source "ChessBase"]
[SourceDate "2023.03.31"]
[SourceVersion "1"]
[SourceVersionDate "2023.03.31"]
[SourceQuality "1"]
[WhiteTeam "Iasi"]
[BlackTeam "Galati CSM"]
[WhiteTeamCountry "ROU"]
[BlackTeamCountry "ROU"]

1. Nf3 Nf6 2. g3 g6 3. Bg2 Bg7 4. 0-0 0-0 5. c4 d6 6. d4 Nbd7 7. Nc3 e5 8. dxe5 Nxe5 9. Nxe5 dxe5 10. Qxd8 Rxd8 11. Bg5 Be6 12. Ne4 Nxe4 13. Bxd8 Nd2 14. Bxc7 Nxf1 15. Rxf1 Rc8 16. Bd6 Rxc4 17. Bxb7 Rc2 18. Ba3 Rxe2 19. Rd1 h6 20. Bf3 Rc2 21. Be4 Rc4 22. Bd5 Rd4 23. Bf3 Rxd1+ 24. Bxd1 Bxa2 25. Bc5 a6 26. Be2 a5 27. Bd1 Bf8 28. Bb6 Bb4 29. Bc7 e4 30. Bc2 Bd5 31. Kf1 Bc4+ 32. Kg2 f5 33. h4 Kf7 34. Bf4 h5 35. f3 Bd5 36. fxe4 Bxe4+ 37. Bxe4 fxe4 38. Kf2 Ke6 39. b3 Kd5 40. Ke3 Bc5+ 41. Kd2 Bd6 42. Ke3 Bc5+ 43. Kd2 Bf2 44. Ke2 Bd4 45. Bc7 Be5 46. Bxa5 Bxg3 47. Bd8 Kd4 48. b4 Bd6 49. b5 Kd5 50. b6 Bc5 51. b7 Ba7 52. Bc7 Ke6 53. b8Q Bxb8 54. Bxb8 Kf5 55. Bd6 g5 56. hxg5 Kxg5 57. Ke3 Kf5 58. Be7 Kg4 59. Kxe4 h4 60. Bxh4 1/2-1/2

[Event "EU-ch Cities&Town U18 op"]
[Site "Tornelo INT"]
[Date "2023.01.29"]
[Round "?"]
[White "Leu, Dragos Stefan"]
[Black "Marinidis, Stavros"]
[Result "1/2-1/2"]
[WhiteElo "1810"]
[BlackElo "1378"]
[PlyCount "162"]
[EventDate "2023.01.29"]
[EventType "team-swiss"]
[EventRounds "9"]
[EventCountry "NET"]
[SourceTitle "CBM 212 Extra"]
[Source "ChessBase"]
[SourceDate "2023.03.31"]
[SourceVersion "1"]
[SourceVersionDate "2023.03.31"]
[SourceQuality "1"]
[WhiteTeam "Galati CSM"]
[BlackTeam "Thessaloniki"]
[WhiteTeamCountry "ROU"]
[BlackTeamCountry "GRE"]

1. d4 d5 2. Bf4 Nf6 3. e3 e6 4. Nd2 Be7 5. Bd3 Nbd7 6. Ngf3 c5 7. c3 b6 8. Ne5 Bb7 9. Qf3 h6 10. 0-0 0-0 11. Qh3 Ne4 12. Nxe4 dxe4 13. Bc4 Nf6 14. Rad1 Nd5 15. dxc5 Bxc5 16. Bxh6 gxh6 17. Qxh6 Qf6 18. Qh5 Rad8 19. Ng4 Qg6 20. Qxg6+ fxg6 21. a4 Kg7 22. a5 bxa5 23. Ra1 Bb6 24. Rfd1 Rf5 25. Rd2 Rdf8 26. Rad1 Bc6 27. Bb3 Nf6 28. Rd6 Bd5 29. Nxf6 Bxb3 30. Nd7 Bxd1 31. Nxf8 Rxf8 32. Rxd1 Kf6 33. Kf1 Ke5 34. Ke2 Rh8 35. h3 Bc5 36. Ra1 Rb8 37. Rxa5 Rxb2+ 38. Ke1 Kd5 39. Ra4 Rc2 40. Ra1 Rxc3 41. Rd1+ Ke5 42. Ke2 Rc2+ 43. Kf1 a5 44. Ra1 Bb4 45. f3 exf3 46. gxf3 Rh2 47. Rd1 Rh1+ 48. Ke2 Rxh3 49. Rc1 Rh2+ 50. Kd3 Kd5 51. e4+ Ke5 52. Rc6 Rd2+ 53. Ke3 Rd6 54. f4+ Kf6 55. e5+ Ke7 56. exd6+ Bxd6 57. Ra6 Bb4 58. Ke4 Kf6 59. Rc6 Bd2 60. Rc4 Be1 61. Rc2 g5 62. fxg5+ Kxg5 63. Ke5 Bb4 64. Rg2+ Kh6 65. Kxe6 Bc3 66. Kf5 Bd4 67. Ra2 Bc3 68. Ra4 Bb4 69. Ra2 Kg7 70. Ke6 Kg6 71. Rg2+ Kh6 72. Rg3 Be1 73. Rg1 Bc3 74. Rg3 Be1 75. Rg2 Bb4 76. Rh2+ Kg5 77. Ra2 Kf4 78. Kd5 Ke3 79. Kc4 Ke4 80. Kb5 Kd4 81. Rxa5 Bxa5 1/2-1/2

[Event "Bucharest Super Rapid op"]
[Site "Bucharest"]
[Date "2022.05.01"]
[Round "8"]
[White "Antonica, Dragos Andrei"]
[Black "Leu, Dragos Stefan"]
[Result "1-0"]
[WhiteElo "2365"]
[BlackElo "1615"]
[PlyCount "67"]
[EventDate "2022.04.30"]
[EventType "swiss (rapid)"]
[EventRounds "10"]
[EventCountry "ROU"]
[SourceTitle "CBM 208 Extra"]
[Source "ChessBase"]
[SourceDate "2022.07.31"]
[SourceVersion "1"]
[SourceVersionDate "2022.07.31"]
[SourceQuality "1"]

1. b3 Nf6 2. Bb2 g6 3. e4 d6 4. Nf3 Bg7 5. Qe2 0-0 6. g3 Nc6 7. d3 Bg4 8. Bg2 Nd7 9. Bxg7 Kxg7 10. Qe3 e5 11. c3 Qe7 12. Nbd2 Nb6 13. h3 Bxf3 14. Bxf3 f5 15. exf5 Rxf5 16. 0-0 Raf8 17. Bg2 d5 18. Rae1 Qf7 19. c4 Nb4 20. Rc1 d4 21. Qe2 c6 22. Ne4 Qe7 23. a3 Na6 24. b4 Nc7 25. Rce1 Ne8 26. Nc5 Nd6 27. g4 R5f7 28. Qxe5+ Qxe5 29. Rxe5 Kg8 30. Ne6 Re8 31. Rfe1 Rfe7 32. c5 Nf7 33. R5e2 Rd7 34. cxb6 1-0

[Event "ROM-ch blitz"]
[Site "Bucharest"]
[Date "2022.03.13"]
[Round "1"]
[White "Filip, Lucian Ioan"]
[Black "Leu, Dragos Stefan"]
[Result "1-0"]
[WhiteElo "2386"]
[BlackElo "1547"]
[PlyCount "67"]
[EventDate "2022.03.13"]
[EventType "swiss (blitz)"]
[EventRounds "9"]
[EventCountry "ROU"]
[SourceTitle "EXT 2023"]
[Source "ChessBase"]
[SourceDate "2022.10.05"]
[SourceVersion "1"]
[SourceVersionDate "2022.10.05"]
[SourceQuality "1"]

1. Nf3 Nf6 2. c4 g6 3. Nc3 Bg7 4. e4 d6 5. d4 0-0 6. Be2 Nbd7 7. 0-0 e5 8. Be3 Qe7 9. Qc2 c6 10. Rad1 Re8 11. d5 h6 12. dxc6 bxc6 13. Qd2 Ng4 14. Qxd6 Nxe3 15. fxe3 Qxd6 16. Rxd6 Rb8 17. b3 Bf8 18. Rxc6 Bb7 19. Rc7 Nf6 20. Nd2 Bd6 21. Rxb7 Rxb7 22. Rxf6 Bb4 23. Ndb1 Rd7 24. Nd5 Bf8 25. Ra6 Bg7 26. Nbc3 Kf8 27. Bg4 Rb7 28. Nb5 h5 29. Nd6 hxg4 30. Nxb7 Rb8 31. Rxa7 Kg8 32. c5 Bf8 33. c6 Re8 34. Nf6+ 1-0

[Event "Hannibal Online op U10"]
[Site "Chess.com INT"]
[Date "2020.06.07"]
[Round "7"]
[White "Nehan, Sanket Mehta"]
[Black "Leu, Dragos Stefan"]
[Result "0-1"]
[WhiteElo "1005"]
[BlackElo "1168"]
[PlyCount "100"]
[EventDate "2020.06.01"]
[EventType "swiss"]
[EventRounds "9"]
[EventCountry "MDA"]
[SourceTitle "CBM 196 Extra"]
[Source "ChessBase"]
[SourceDate "2020.07.31"]
[SourceVersion "1"]
[SourceVersionDate "2020.07.31"]
[SourceQuality "1"]

1. e4 c5 2. Nf3 d6 3. d4 cxd4 4. Qxd4 Nc6 5. Bb5 Bd7 6. Bxc6 Bxc6 7. Nc3 Nf6 8. Bg5 e5 9. Qd3 Be7 10. 0-0-0 Ng4 11. Bxe7 Qxe7 12. Rhf1 Rd8 13. h3 Nf6 14. Nd5 Bxd5 15. exd5 0-0 16. Qe3 Rc8 17. Qxa7 Ra8 18. Qe3 Rxa2 19. Rfe1 e4 20. Ng5 Qe5 21. c3 Nxd5 22. Qg3 Ra1+ 23. Kc2 Rxd1 24. Rxd1 Qxg3 25. fxg3 Ne3+ 26. Kd2 Nxd1 27. Kxd1 Re8 28. Ke2 h6 29. Nxe4 d5 30. Ke3 Rxe4+ 31. Kd3 Re1 32. Kd4 Rg1 33. Kxd5 Rxg2 34. b4 Rxg3 35. c4 Kf8 36. Kc5 Ke7 37. Kb6 Rb3 38. b5 Rb4 39. c5 Kd7 40. h4 f5 41. h5 f4 42. Kxb7 Rxb5+ 43. Ka6 Rb1 44. c6+ Kxc6 45. Ka5 Rb8 46. Ka4 Kc5 47. Ka3 Kc4 48. Ka2 Kc3 49. Ka1 Kc2 50. Ka2 Ra8# 0-1